مكتبة جامعة عجلون الوطنية

فهرس بحث المكتبة

الاتجاه الانساني في شعر ابراهيم العواودة = Humanistic Attitude in The Poetry of Ibrahim Awawdeh / (Record no. 33587)

MARC details
000 -LEADER
fixed length control field 01038nam a22002057a 4500
003 - CONTROL NUMBER IDENTIFIER
control field JO-AjAnu
005 - DATE AND TIME OF LATEST TRANSACTION
control field 20240708130555.0
008 - FIXED-LENGTH DATA ELEMENTS--GENERAL INFORMATION
fixed length control field 240708b jo ||||| |||| 00| 0 ara d
040 ## - CATALOGING SOURCE
Original cataloging agency JO-AjAnu
Language of cataloging ara
Transcribing agency JO-AjAnu
Description conventions rda
041 ## - LANGUAGE CODE
Language code of text/sound track or separate title ara
Language code of original ara
050 ## - LIBRARY OF CONGRESS CALL NUMBER
Classification number PJ7561
Item number 2024
100 #1 - MAIN ENTRY--PERSONAL NAME
Personal name بني فواز، عطاف سهيل عبود
Relator term معد
9 (RLIN) 66074
245 #0 - TITLE STATEMENT
Title الاتجاه الانساني في شعر ابراهيم العواودة = Humanistic Attitude in The Poetry of Ibrahim Awawdeh /
Statement of responsibility, etc. اعداد عطاف سهيل عبود بني فواز ؛ اشراف عبدالرحيم عزام مراشدة
260 ## - PUBLICATION, DISTRIBUTION, ETC.
Date of publication, distribution, etc. 2024
300 ## - PHYSICAL DESCRIPTION
Extent 152 ورقة
500 ## - GENERAL NOTE
General note رسالة جامعية ( رسالة ماجستير في اللغة العربية وآدابها) جامعة عجلون الوطنية(عجلون، الاردن)، كلية الآداب،2024.
650 70 - SUBJECT ADDED ENTRY--TOPICAL TERM
Topical term or geographic name entry element الشعر العربي- الاتجاه الانساني
9 (RLIN) 66075
700 #1 - ADDED ENTRY--PERSONAL NAME
Personal name مراشدة، عبدالرحيم عزام
Relator term مشرف
9 (RLIN) 66076
942 ## - ADDED ENTRY ELEMENTS (KOHA)
Source of classification or shelving scheme Library of Congress Classification
Koha item type Thesis
Suppress in OPAC No
Holdings
Withdrawn status Lost status Source of classification or shelving scheme Damaged status Not for loan Home library Current library Date acquired Total Checkouts Full call number Barcode Date last seen Price effective from Koha item type
    Library of Congress Classification     مكتبة جامعة عجلون الوطنية مكتبة جامعة عجلون الوطنية 08/07/2024   PJ7561 2024 a29910 08/07/2024 08/07/2024 Thesis
    Library of Congress Classification     مكتبة جامعة عجلون الوطنية مكتبة جامعة عجلون الوطنية 08/07/2024   PJ7561 2024 a29911 08/07/2024 08/07/2024 Thesis